| 000 | 01531nam a2200361 a 4500 | ||
|---|---|---|---|
| 999 |
_c141906 _d141906 |
||
| 003 | BLK | ||
| 005 | 20240531101714.0 | ||
| 008 | 180409b bul|||||r ||||||| ||bul|| | ||
| 010 | _aKNG00147982000 | ||
| 020 | _a954-01-0199-9 | ||
| 040 | _aBLK | ||
| 041 |
_aBUL _cBUL |
||
| 080 |
_aБългарска литература _b821.163.2 _x-93-34 _z821.163.2-93-34 |
||
| 100 | 1 |
_aПопова-Мутафова, Фани Добрева _d1902-1977 _gписател _eпърви автор _9366640 |
|
| 139 |
_aПопова-Мутафова, Фани Добрева _bП 76 |
||
| 245 | 1 | 0 |
_aКрали Марко _bПриказки _cФани Добрева Попова-Мутафова; худож. Стефан Марков. |
| 250 | _aНово изд. | ||
| 257 | _aBGR | ||
| 260 |
_bПросвета _c1992 _fРусе : печ. Дунав прес _aСофия |
||
| 300 |
_a56 с. _bс цв. ил. _c24Х24 см |
||
| 380 | _aDX | ||
| 500 | _aКн. е изд. и със загл. Приказки за Крали Марко. - 20 000 тир. | ||
| 653 | _aлитература за деца | ||
| 653 | _aдетска литература | ||
| 700 | 1 |
_aМарков, Стефан _eхудож. _9367301 |
|
| 852 | _aЦб 262123 | ||
| 856 | 4 |
_qpdf _i0.00 _ldisable |
|
| 856 | 4 |
_qpdf _i0.00 _ldisable |
|
| 942 |
_cKNG _n0 _s1 _01 |
||
| 944 |
_aCR _c01.08.2013 _lБояна Костадинова _k30551 |
||
| 944 |
_aED _c01.08.2013 _l01.08.2013 - от С1,Р / 01.08.2013 |
||
| 999 | _d141906 | ||